[Event "POL-chT 58th 2nd League"]
[Site "Wisla"]
[Date "2002.??.??"]
[Round "?"]
[White "Krajewski, Radoslaw"]
[Black "Misiuga, Andrzej"]
[Result "0-1"]
[WhiteElo "2092"]
[BlackElo "2229"]
[PlyCount "40"]
[EventDate "2002.08.30"]
[EventType "team-swiss"]
[EventRounds "11"]
[EventCountry "POL"]
[SourceTitle "EXT 2019"]
[Source "ChessBase"]
[SourceDate "2018.10.10"]
[SourceVersion "1"]
[SourceVersionDate "2018.10.10"]
[SourceQuality "1"]

1. d4 Nf6 2. c4 e6 3. Nf3 b6 4. g3 Bb7 5. Bg2 Bb4+ 6. Bd2 c5 7. Bxb4 cxb4 8. 0-0 0-0 9. Nbd2 d6 10. Qc2 Nbd7 11. e4 e5 12. d5 Rc8 13. Ne1 a5 14. a3 bxa3 15. bxa3 Ba6 16. a4 Qc7 17. Rc1 b5 18. axb5 Bxb5 19. Nd3 Ba6 20. Bh3 Rb8 0-1

[Event "POL-ch U18"]
[Site "Zakopane"]
[Date "2001.01.25"]
[Round "10"]
[White "Krajewski, Radoslaw"]
[Black "Blandzi, Daniel"]
[Result "1-0"]
[WhiteElo "2083"]
[BlackElo "2008"]
[PlyCount "65"]
[EventDate "2001.01.16"]
[EventType "swiss"]
[EventRounds "11"]
[EventCountry "POL"]
[SourceTitle "EXT 2002"]
[Source "ChessBase"]
[SourceDate "2001.11.25"]
[SourceVersion "1"]
[SourceVersionDate "2001.11.25"]
[SourceQuality "1"]

1. d4 Nf6 2. c4 g6 3. Nc3 d5 4. cxd5 Nxd5 5. Bd2 Bg7 6. e4 Nxc3 7. Bxc3 0-0 8. Be2 c5 9. d5 e5 10. Nf3 Nd7 11. 0-0 f6 12. a4 a5 13. Nd2 b6 14. f4 exf4 15. Rxf4 Bh6 16. Rf1 Be3+ 17. Kh1 Re8 18. Qc2 Bxd2 19. Qxd2 Bb7 20. Bd3 Ne5 21. Bc2 Qd6 22. h3 Ba6 23. Rf2 Rf8 24. g4 Rad8 25. Rd1 Nc4 26. Qe2 Ra8 27. Bd3 Rae8 28. Bxc4 Bxc4 29. Qxc4 Qg3 30. Qf1 Rxe4 31. Qg2 Qh4 32. Bxf6 Rxg4 33. Bxh4 1-0

[Event "POL-ch U18"]
[Site "Zakopane"]
[Date "2001.01.24"]
[Round "9"]
[White "Ciesla, Adam"]
[Black "Krajewski, Radoslaw"]
[Result "1-0"]
[WhiteElo "2199"]
[BlackElo "2083"]
[PlyCount "49"]
[EventDate "2001.01.16"]
[EventType "swiss"]
[EventRounds "11"]
[EventCountry "POL"]
[SourceTitle "EXT 2002"]
[Source "ChessBase"]
[SourceDate "2001.11.25"]
[SourceVersion "1"]
[SourceVersionDate "2001.11.25"]
[SourceQuality "1"]

1. e4 Nf6 2. Nc3 d5 3. e5 d4 4. exf6 dxc3 5. fxg7 cxd2+ 6. Bxd2 Bxg7 7. Qf3 Bxb2 8. Rd1 Qd4 9. Ne2 Qg4 10. Qb3 Bg7 11. Nf4 Be5 12. Nd5 c6 13. Ne3 Qg6 14. Bd3 Qh5 15. h3 Rg8 16. Be2 Qh4 17. Ng4 Bxg4 18. Bxg4 Rxg4 19. Qxb7 e6 20. Bg5 Re4+ 21. Kf1 Re1+ 22. Kxe1 Qe4+ 23. Kf1 f6 24. Be3 Qxc2 25. Rc1 1-0

[Event "POL-ch U18"]
[Site "Zakopane"]
[Date "2001.01.23"]
[Round "8"]
[White "Krajewski, Radoslaw"]
[Black "Ziolkowski, Dawid"]
[Result "0-1"]
[WhiteElo "2083"]
[BlackElo "2187"]
[PlyCount "82"]
[EventDate "2001.01.16"]
[EventType "swiss"]
[EventRounds "11"]
[EventCountry "POL"]
[SourceTitle "EXT 2002"]
[Source "ChessBase"]
[SourceDate "2001.11.25"]
[SourceVersion "1"]
[SourceVersionDate "2001.11.25"]
[SourceQuality "1"]

1. d4 Nf6 2. Nf3 g6 3. b4 Bg7 4. e3 0-0 5. Be2 a5 6. b5 c5 7. c3 b6 8. dxc5 bxc5 9. a4 Bb7 10. 0-0 Ne4 11. Qc2 d6 12. Bb2 e6 13. Nbd2 f5 14. Rfd1 Qe7 15. c4 Nd7 16. Bxg7 Kxg7 17. Nb3 g5 18. Ne1 g4 19. Nd3 Rf6 20. f3 gxf3 21. Bxf3 Rh6 22. h3 Qg5 23. Nf2 Ndf6 24. Re1 Qg3 25. Rad1 Rg6 26. Kf1 Qh2 27. Ke2 Kf7 28. Rg1 Rag8 29. Nxa5 Ng3+ 30. Kd3 Be4+ 31. Bxe4 Ngxe4 32. Nxe4 Nxe4 33. Rde1 d5 34. Nc6 Qd6 35. g4 dxc4+ 36. Ke2 h5 37. Kf1 hxg4 38. Rd1 gxh3 39. Rxg6 h2 40. Rh6 Rg1+ 41. Ke2 Nc3+ 0-1

[Event "POL-ch U18"]
[Site "Zakopane"]
[Date "2001.01.20"]
[Round "5"]
[White "Wojciechowski, Adam"]
[Black "Krajewski, Radoslaw"]
[Result "1/2-1/2"]
[WhiteElo "2112"]
[BlackElo "2083"]
[PlyCount "46"]
[EventDate "2001.01.16"]
[EventType "swiss"]
[EventRounds "11"]
[EventCountry "POL"]
[SourceTitle "EXT 2002"]
[Source "ChessBase"]
[SourceDate "2001.11.25"]
[SourceVersion "1"]
[SourceVersionDate "2001.11.25"]
[SourceQuality "1"]

1. e4 c6 2. Nc3 d5 3. Nf3 dxe4 4. Nxe4 Nf6 5. Nxf6+ gxf6 6. d4 Bg4 7. c3 Qc7 8. h3 Bh5 9. Be3 e6 10. Be2 Nd7 11. Qd2 Bd6 12. 0-0-0 f5 13. g3 0-0-0 14. Ne1 Bxe2 15. Qxe2 c5 16. dxc5 Nxc5 17. Nc2 a6 18. Nd4 Rhg8 19. Qf3 Nd7 20. Qh5 Nf6 21. Qf3 Nd7 22. Qh5 Nf6 23. Qf3 Nd7 1/2-1/2

[Event "POL-ch U18"]
[Site "Zakopane"]
[Date "2001.01.18"]
[Round "3"]
[White "Flasinski, Michal"]
[Black "Krajewski, Radoslaw"]
[Result "0-1"]
[WhiteElo "2121"]
[BlackElo "2083"]
[PlyCount "180"]
[EventDate "2001.01.16"]
[EventType "swiss"]
[EventRounds "11"]
[EventCountry "POL"]
[SourceTitle "EXT 2002"]
[Source "ChessBase"]
[SourceDate "2001.11.25"]
[SourceVersion "1"]
[SourceVersionDate "2001.11.25"]
[SourceQuality "1"]

1. e4 Nf6 2. Nc3 d5 3. e5 d4 4. Nce2 Ng4 5. f4 c5 6. Nf3 Nc6 7. h3 Nh6 8. g4 e6 9. Bg2 d3 10. Nc3 Nb4 11. 0-0 Nxc2 12. Rb1 Bd7 13. Ne1 Nxe1 14. Rxe1 Qc7 15. Qf3 Bc6 16. Qxd3 Rd8 17. Qe2 Bxg2 18. Kxg2 Qc6+ 19. Qe4 Qa6 20. b3 Rd4 21. Qe3 Be7 22. Bb2 Rd3 23. Qe2 Bh4 24. Red1 Rxc3 25. d3 Qxa2 26. Ra1 Qxb3 27. Bxc3 Qxc3 28. Rxa7 0-0 29. Rxb7 Rd8 30. Rdb1 g6 31. Rb8 Rxb8 32. Rxb8+ Kg7 33. Kf3 g5 34. fxg5 Bxg5 35. Rb2 c4 36. Rc2 cxd3 37. Rxc3 dxe2 38. Kxe2 Ng8 39. Kf3 Ne7 40. Ke4 Ng6 41. Rf3 Bd8 42. Rc3 Ba5 43. Rc5 Be1 44. Kf3 Bb4 45. Rb5 Bc3 46. Ke4 h6 47. Rb7 Bxe5 48. Rb5 Bf6 49. Kf3 Bh4 50. Ke4 Ne7 51. Rh5 Bf6 52. Ra5 Nd5 53. Ra8 Kg6 54. Rg8+ Bg7 55. Re8 Bf6 56. Rg8+ Kh7 57. Rf8 Kg7 58. Ra8 Be7 59. Ke5 Bh4 60. Ra7 Bg3+ 61. Ke4 Bd6 62. Ra6 Bc7 63. Ra8 h5 64. Kf3 hxg4+ 65. hxg4 Be5 66. Ke4 Bf6 67. Ra7 Kg6 68. Rb7 Be7 69. Ra7 Bf6 70. Rb7 Ne7 71. Ra7 Nc6 72. Ra8 Ne7 73. Ra5 Ng8 74. Kf4 e5+ 75. Kf3 Nh6 76. Ra4 Be7 77. Re4 f6 78. Ra4 Bc5 79. Re4 Bd4 80. Re2 Kg5 81. Rg2 Bc3 82. Rc2 Bd4 83. Rg2 Nf7 84. Ke4 Nd6+ 85. Kd5 Nb5 86. Ke4 Nc3+ 87. Kf3 e4+ 88. Kg3 Be5+ 89. Kf2 Kf4 90. Kf1 e3 0-1

[Event "POL-ch U18"]
[Site "Zakopane"]
[Date "2001.01.17"]
[Round "2"]
[White "Owczarzak, Jerzy"]
[Black "Krajewski, Radoslaw"]
[Result "1-0"]
[WhiteElo "2311"]
[BlackElo "2083"]
[PlyCount "57"]
[EventDate "2001.01.16"]
[EventType "swiss"]
[EventRounds "11"]
[EventCountry "POL"]
[SourceTitle "EXT 2002"]
[Source "ChessBase"]
[SourceDate "2001.11.25"]
[SourceVersion "1"]
[SourceVersionDate "2001.11.25"]
[SourceQuality "1"]

1. e4 d6 2. d4 Nf6 3. Nc3 c6 4. Nf3 Bg4 5. h3 Bh5 6. Bd3 Nbd7 7. g4 Bg6 8. e5 Bxd3 9. Qxd3 Nd5 10. Nxd5 cxd5 11. exd6 e6 12. Bf4 Qb6 13. Qa3 Rc8 14. 0-0-0 Rc6 15. Rd3 a5 16. Rc3 Qd8 17. Rxc6 bxc6 18. Ne5 Nb8 19. Nd3 g5 20. Be5 f6 21. Bg3 Kf7 22. Re1 Bg7 23. Nc5 Re8 24. d7 Nxd7 25. Nb7 Qa8 26. Nd6+ Kg8 27. Nxe8 Qxe8 28. Qxa5 e5 29. Qc7 1-0

[Event "POL-chT U19 2nd League"]
[Site "Krynica"]
[Date "2001.??.??"]
[Round "6"]
[White "Caba, Tomasz"]
[Black "Krajewski, Radoslaw"]
[Result "1/2-1/2"]
[WhiteElo "2030"]
[BlackElo "2090"]
[PlyCount "40"]
[EventDate "2001.07.16"]
[EventType "team-swiss"]
[EventRounds "11"]
[EventCountry "POL"]
[SourceTitle "EXT 2003"]
[Source "ChessBase"]
[SourceDate "2002.11.25"]
[SourceVersion "1"]
[SourceVersionDate "2002.11.25"]
[SourceQuality "1"]
[WhiteTeam "Rolnik Roza U19"]
[BlackTeam "POL-chT U19 6"]
[WhiteTeamCountry "POL"]
[BlackTeamCountry "POL"]

1. e4 d6 2. d4 Nf6 3. Nc3 c6 4. f4 Qb6 5. Nf3 Bg4 6. Be2 e6 7. e5 Nd5 8. 0-0 Nxc3 9. bxc3 d5 10. Be3 Bxf3 11. Rxf3 g6 12. c4 Nd7 13. cxd5 cxd5 14. c4 Qc6 15. Qb3 Nb6 16. cxd5 Qxd5 17. Bb5+ Kd8 18. Qb1 Rc8 19. Bd3 Qa5 20. Be4 Rc7 1/2-1/2

[Event "POL-chT2 South U19"]
[Site "Rudnik"]
[Date "2000.??.??"]
[Round "9.1"]
[White "Krajewski, Radoslaw"]
[Black "Becker, Bartosz"]
[Result "1/2-1/2"]
[WhiteElo "2079"]
[BlackElo "2049"]
[PlyCount "58"]
[EventDate "2000.07.20"]
[EventType "team-swiss"]
[EventRounds "10"]
[EventCountry "POL"]
[SourceTitle "EXT 2005"]
[Source "ChessBase"]
[SourceDate "2004.11.15"]
[SourceVersion "1"]
[SourceVersionDate "2004.11.15"]
[SourceQuality "1"]
[WhiteTeam "POL-chT2 South U19 2"]
[BlackTeam "Rybnik MKSz U19 II"]
[WhiteTeamCountry "POL"]
[BlackTeamCountry "POL"]

1. d4 d5 2. c4 e6 3. Nc3 Nf6 4. cxd5 exd5 5. Bg5 Be7 6. e3 0-0 7. Bd3 Re8 8. Qc2 Nbd7 9. Nge2 Nf8 10. 0-0 c6 11. Bxf6 Bxf6 12. b4 Qd6 13. b5 c5 14. dxc5 Qxc5 15. Rfd1 Be6 16. Rac1 Rac8 17. Qa4 Qb6 18. Qb4 Be7 19. Qb1 Qa5 20. Bf5 Ba3 21. Bxe6 fxe6 22. Rc2 Rc4 23. Rd4 Rec8 24. Rxc4 Rxc4 25. g3 Nd7 26. Qd1 Nc5 27. Nb1 Rxc2 28. Qxc2 Qe1+ 29. Kg2 Qb4 1/2-1/2